Oracion funebre, (Registro nro. 18473)
[ vista simple ]
| 000 -CABECERA | |
|---|---|
| Campo de control de longitud fija | 01225nam a22002297a 4500 |
| 001 - NÚMERO DE CONTROL | |
| Campo de control | BH33198 |
| 003 - IDENTIFICADOR DEL NÚMERO DE CONTROL | |
| Campo de control | ES-SlBCS |
| 005 - FECHA Y HORA DE LA ÚLTIMA TRANSACCIÓN | |
| Campo de control | 20260603073221.0 |
| 008 - CÓDIGOS DE INFORMACIÓN DE LONGITUD FIJA | |
| Campo de control de longitud fija | 260603s1769 spa||||| |||| 00| 0 spa d |
| 040 ## - FUENTE DE LA CATALOGACIÓN | |
| Centro catalogador del origen | ES--SlBCS |
| Lengua de catalogación | spa |
| 100 1# - PUNTO DE ACCESO PRINCIPAL-NOMBRE DE PERSONA | |
| Nombre de persona | Gervasio María de Uvinthuysen |
| 9 (RLIN) | 24003 |
| 245 1# - MENCIÓN DE TÍTULO | |
| Título | Oracion funebre, |
| Resto del título | Que en las sumptuosas exequias que celebró la Ilustre, y Venerable Hermandad del Apostol Señor San Pedro de la Ciudad del Puerto de Santa Maria, por su amado Hermano el Sr. D. Pedro Ambrosio Villarello, Presbytero, el día 20 de Diciembre de 1768 |
| Mención de responsabilidad, etc. | Dixo el Sr. D. Gervasio Maria de Uvinthuysen, Colegial del insigne de la Purissima Concepcion de la Ciudad de Sevilla... |
| 260 ## - PUBLICACIÓN, DISTRIBUCIÓN, ETC... (PIE DE IMPRENTA) | |
| Lugar de publicación, distribución, etc. | Puerto de Santa Maria : |
| Nombre del editor, distribuidor, etc. | Francisco Vicente Muñoz |
| Fecha de publicación, distribución, etc. | , 1769 |
| 300 ## - DESCRIPCIÓN FÍSICA | |
| Extensión | [16], 47, p. ; |
| Otras características físicas | 19 cm |
| 500 ## - NOTA GENERAL | |
| Nota general | Sello: Convento de Dominicos. Jerez |
| 500 ## - NOTA GENERAL | |
| Nota general | Grabado: Retrato del V. Siervo de Dios D. Pedro Ambrosio Villarello. Jacobo Vanderherden Sculp.<br/>Hoja plegable Epitaphio<br/>Grabado de escudo arzobispal |
| 561 ## - NOTA DE PROCEDENCIA | |
| Procedencia | Convento de Jerez |
| 648 ## - PUNTO DE ACCESO ADICIONAL DE MATERIA-TÉRMINO CRONOLÓGICO | |
| Subdivisión de materia general | Oración fúnebre |
| Subdivisión cronológica | Obras anteriores a 1800 |
| 9 (RLIN) | 26207 |
| 700 ## - PUNTO DE ACCESO ADICIONAL-NOMBRE DE PERSONA | |
| Nombre de persona | Jacobo Vanderherden |
| Término indicativo de función | Sculp. |
| 9 (RLIN) | 26543 |
| 752 ## - PUNTO DE ACCESO ADICIONAL-NOMBRE JERÁRQUICO DE LUGAR | |
| País o entidad superior | España |
| Ciudad | Puerto de Santa María |
| 942 ## - ENTRADA DE ELEMENTOS AGREGADOS (KOHA) | |
| Fuente de clasificaión o esquema | |
| Koha [por defecto] tipo de item | Libro Antiguo |
| Suprimido | Perdido | Fuente de clasificación o esquema | Estropeado | No para préstamo | Localización permanente | Localización actual | Fecha adquisición | Préstamos totales | Signatura completa | Número de Registro / Código de Barras | Fecha última consulta | Fecha del precio de reemplazo | Tipo de item de Koha |
|---|---|---|---|---|---|---|---|---|---|---|---|---|---|
| Biblioteca Histórica | Biblioteca Histórica | 03/06/2026 | S.XVIII-15181 | BH33198 | 03/06/2026 | 03/06/2026 | Libro Antiguo |
